Famous Temples in Tamil Nadu/ (Record no. 216869)

MARC details
000 -LEADER
fixed length control field 00561nam a22001937a 4500
005 - DATE AND TIME OF LATEST TRANSACTION
control field 20260703122724.0
010 ## - LCCN (DPL NO)
LC control number ENG-148988
020 ## - INTERNATIONAL STANDARD BOOK NUMBER
International Standard Book Number 9789356842342
Terms of availability 400.00
035 ## - SYSTEM CONTROL NUMBER
System control number EN-132520
037 ## - SOURCE OF ACQUISITION
Source of stock number/acquisition DBAD
082 ## - DEWEY DECIMAL CLASSIFICATION NUMBER
Classification number 726.1450954
Edition number 1
100 ## - MAIN ENTRY--PERSONAL NAME
Personal name Pokhriyal, Ramesh
245 ## - TITLE STATEMENT
Title Famous Temples in Tamil Nadu/
Statement of responsibility, etc Ramesh Pokhriyal
250 ## - EDITION STATEMENT
Edition statement 1
260 ## - PUBLICATION, DISTRIBUTION, ETC. (IMPRINT)
Place of publication, distribution, etc New Delhi
Name of publisher, distributor, etc Diamond Books
Date of publication, distribution, etc 2023
270 ## - ADDRESS
Address x-30, Okhla Industrial area, Phase -II
City New Delhi
Postal code 110020
300 ## - PHYSICAL DESCRIPTION
Extent 132p.
Dimensions 22cm(pb)
942 ## - ADDED ENTRY ELEMENTS (KOHA)
Source of classification or shelving scheme Dewey Decimal Classification
Item type English Books
Call number suffix POK
Classification part 726.1450954
Holdings
Withdrawn status Lost status Not for loan Collection code Home library Current library Date acquired Source of acquisition Cost, normal purchase price Full call number Barcode Copy number Cost, replacement price Koha item type
    Not For Loan Non-fiction D.B.Act.Division D.B.Act.Division 03/07/2026 Delivery of Books Act Division 400.00 POK 726.1450954 EN-132520 1 400.00 English Books

© Delhi Public Library
Hit Counter
free hit counter